Paroles "Etat des lieux" de La Fouine ft Ninho - Statistiques

Statistiques générales
  • Ce quiz a été pris 25 fois
  • Le résultat moyen est 252 sur 348
Statistiques - réponses
Paroles % Correct
à
100%
a
100%
avant
100%
beuh,
100%
J'cogite
100%
m'en
100%
peau
100%
peu
100%
S
100%
un
100%
Un
100%
bon
94%
c'est
94%
C'est
94%
dans
94%
d'atterrir
94%
de
94%
d'en
94%
Tic
94%
J'suis
94%
j'suis
94%
ken
94%
la
94%
le
94%
Le
94%
les
94%
Les
94%
l'jeu
94%
l'jeu,
94%
mais
94%
sais
94%
saisie
94%
sous
94%
tac,
94%
Tic
94%
en
88%
Et
88%
et
88%
j'la
88%
j'l'a
88%
j'sais
88%
pendant
88%
Plus
88%
plus
88%
qui
88%
veut
88%
blanc
82%
ça
82%
ça,
82%
des
82%
du
82%
d'un
82%
Fé-fé
82%
menotté
82%
mon
82%
pour
82%
re-frè
82%
trop
82%
bord
76%
chaud
76%
on
76%
On
76%
76%
rouge
76%
cou,
71%
fait
71%
Intérieur
71%
par
71%
si
71%
comme
65%
Comme
65%
dents
65%
droites
65%
gauches,
65%
j'ai
65%
j'l'aurai
65%
quand
65%
qu'on
65%
tout
65%
vu
65%
coupable
59%
Crips,
59%
discret
59%
faut
59%
f'sons
59%
ice
59%
ils
59%
j'm'habille
59%
l'auto,
59%
l'G5
59%
maille,
59%
Mansa
59%
savoir
59%
s'fait
59%
tes
59%
Bédave
53%
blue,
53%
faits
53%
feu
53%
gros
53%
j'voulais
53%
Kourou,
53%
larmes,
53%
l'flou
53%
mettre
53%
nie
53%
nous
53%
ont
53%
s'brûler
53%
Sur
53%
sur
53%
ville
53%
autour
47%
Cayenne
47%
est
47%
gérer
47%
haine
47%
j'étais
47%
jeune,
47%
jour
47%
j'pouvais
47%
sans
47%
seul
47%
silencieux
47%
Tu
47%
VV,
47%
Ah,
41%
apport
41%
choses
41%
couronné
41%
encaisser
41%
Grosse
41%
l'appart
41%
l'switch,
41%
points,
41%
priant
41%
qu'en
41%
racaille
41%
'sors
41%
succès,
41%
trois
41%
beurre
35%
bolide
35%
Bolide
35%
bruyant,
35%
Deux
35%
d'Hennessy
35%
eh
35%
fusées
35%
illicite
35%
j'demande
35%
l'swag,
35%
l'tard-pé
35%
mis
35%
pardon
35%
parler
35%
problèmes,
35%
problèmes
35%
secteur
35%
s'entretue
35%
zif'
35%
agressif,
29%
allume
29%
côté
29%
d'baïda,
29%
d'mon
29%
j'envoie
29%
j'm'endors
29%
l'swift
29%
pookies
29%
rempli
29%
riant,
29%
soleil
29%
Une
29%
aux
24%
ceinture
24%
cinquantaine
24%
clients
24%
Dehors,
24%
garçon
24%
ici
24%
parisienne
24%
versé
24%
d'Malaisie
18%
J'repense
18%
virement,
18%
Aucun quiz correspondant
Distribution des résultats
% des personnes avec chaque résultat
Percentile par nombre de réponses
Votre historique - résultats
Vous n’avez pas pris ce quiz